000
00288nam a2200121 a 4500
008
101022s1987|||| d
100
1
_a
Lauček, Anton
245
1
0
_a
Pierko iba ľahučko prichytené
260
_b
Osveta
_a
Martin
_c
1987
020
_c
16
041
_a
slo
044
_a
xo
_c
SK
999
_c
12054
_d
12054